BIBLIOTHÈQUE DE LA MAISON DU MEXIQUE

Logo 1 Logo 2

Poesía (notice nᵒ 5361)

détails MARC
000 -Sello discográfico
campo de control de longitud fija 01146nam0a2200289 4500
005 - Identificación de versión
campo de control 20251017062710.0
010 ## - Número Estándar Internacional de Libros (ISBN)
Número (ISBN) 968-16-6211-3 (segunda edición)
035 ## - Otros números de control del sistema
Número de control del sistema 32696
099 ## - fechas locales
Tipo de ítem Koha LIBRO
100 ## - Datos de procesamiento general
Datos de procesamiento general 20111114d20001998m y0spay5003 ba
105 ## - Campo de datos codificados: Material textual, monográfico
Datos codificados de monografía y 001gy
200 1# - Título y mención de responsabilidad
Título propio Poesía
Designación general del material texto impreso
Otra información del título 1943-1997
Primer mención de responsabilidad Tomás Segovia
205 ## - Declaración de edición
Declaración de edición 2a ed
210 ## - Publicación, distribución, etc.
Lugar de publicación, distribución, etc. México
Nombre del editor, distribuidor, etc. Fondo de Cultura Económica
Fecha de publicación, distribución, etc. 2000
215 ## - Descripción física
Designación de material específico y extensión del ítem 771 p
Dimensiones 21 cm
327 1# - Nota de contenidos
Texto de la nota País del cielo -- Fidelidad -- La voz turbada -- La triste primavera -- En el aire claro -- Luz de aquí -- El sol y su eco -- Historias y poemas -- Anagnórisis -- Terceto -- Figura y melodías -- Partición -- Cantata a solas -- Lapso -- Orden del día -- Noticia natural -- Fiel imagen -- Lo inmortal y otros poemas
345 ## - Nota de información de adquisición
Fuente de adquisición/dirección de la suscripción [OBSOLETO] Donación 'Salon du Livre 2009'
410 #1 - Series
Título Colección Tierra Firme
606 ## - Término temático usado como materia
Elemento de entrada Poesía mexicana
Subdivisión cronológica Siglo XX
Número Koha 10
700 ## - Nombre personal - Responsabilidad primaria
Elemento de entrada Segovia
Parte del nombre distinta del elemento de entrada Tomás
Fechas 1927-2011
Número Koha 1639
801 #0 - Fuente de origen
País FR
Agencia cm
Reglas de catalogación (convenciones descriptivas) AFNOR
900 ## -
-- 1/20824
942 ## - ELEMENTOS DE ENTRADA SECUNDARIOS (KOHA)
Tipo de ítem Koha Livre
996 ## -
-- MEX
-- 751145101
-- MMAG
-- 000742
-- 861.4 S454P
-- 20111114LIV
Exemplaires
Estatus retirado Estado de daño Estado de pérdida Fecha de adquisición Biblioteca de origen Biblioteca actual Ubicación en estantería Código de barras Precio de reemplazo Signatura topográfica completa No para préstamo Tipo de ítem Koha Nota pública Nota no pública
      05/08/2025 Casa México Paris Casa México Paris   000742 05/08/2025 861.4 S454P   Livre 20111114LIV 751145101